|
|
|
|
| LEADER |
00000nam0a2200000 4500 |
| 001 |
66843 |
| 005 |
20231101212301.0 |
| 020 |
|
|
|a RU
|b 80-39017
|
| 035 |
|
|
|a (RuTPU)RU\TPU\book\71132
|
| 090 |
|
|
|a 66843
|
| 100 |
|
|
|a 20040908d1980 m y0rusy5003 ca
|
| 101 |
0 |
|
|a rus
|
| 102 |
|
|
|a RU
|
| 105 |
|
|
|a y j 000zy
|
| 200 |
1 |
|
|a Краткий курс геологоразведочного дела
|f А. А. Максимов, Г. Г. Милосердина, Н. И. Еремин
|
| 205 |
|
|
|a 2-е изд., перераб. и доп.
|
| 210 |
|
|
|a Москва
|c Изд-во МГУ
|d 1980
|
| 215 |
|
|
|a 231 с.
|d 25 см
|
| 606 |
1 |
|
|a Геологоразведочное дело
|2 stltpush
|3 (RuTPU)RU\TPU\subj\6125
|9 34083
|
| 610 |
1 |
|
|a геология
|
| 610 |
1 |
|
|a разведка
|
| 610 |
1 |
|
|a полезные ископаемые
|
| 610 |
1 |
|
|a поиск
|
| 610 |
1 |
|
|a поисково-разведочные работы
|
| 675 |
|
|
|a 550.8(075.8)
|z rus
|v 4
|
| 700 |
|
1 |
|a Максимов
|b А. А.
|g Александр Александрович
|
| 701 |
|
1 |
|a Милосердина
|b Г. Г.
|
| 701 |
|
1 |
|a Еремин
|b Н. И.
|
| 801 |
|
0 |
|a RU
|b RuMRKP
|c 19950704
|g psbo
|
| 801 |
|
1 |
|a RU
|b 63413507
|c 20040908
|g PSBO
|
| 801 |
|
2 |
|a RU
|b 63413507
|c 20181005
|g PSBO
|
| 900 |
|
|
|a Технология и техника геологоразведочных работ
|
| 942 |
|
|
|c BK
|